Arquitectura moderna en zonas sísmicas

-д хадгалсан:
Номзүйн дэлгэрэнгүй
Үндсэн зохиолч: Guevara Pérez, Teresa (Зохиогч)
Формат: Ном
Хэл сонгох:испани
Хэвлэсэн: Barcelona Gustavo Gili SL 2009
Нөхцлүүд:
Шошгууд: Шошго нэмэх
Шошго байхгүй, Энэхүү баримтыг шошголох эхний хүн болох!

MARC

LEADER 00000cam a2200000 a 4500
001 UCF8464
003 CL-VaPUC
008 130829e20090000sp |||||||||||||||||spa|d
020 |a 9788425222924 
082 0 4 |a 724.7  |b GUE  |2 21 
100 0 |a Guevara Pérez, Teresa  |e author  |9 570537 
245 1 0 |a Arquitectura moderna en zonas sísmicas 
300 |a 207 p 
942 |c BK 
945 |d 20130829 16:45:00  |a dcastane 
260 |a Barcelona  |b Gustavo Gili SL  |c 2009 
650 0 |a Arquitectura moderna  |9 265021 
650 0 |a Arquitectura  |y Siglo 20  |9 266208 
583 |a last modification  |c 20130829 16:45:00  |k Rodrigo Vera 
999 |c 353035  |d 353033 
952 |0 0  |1 0  |3 erb  |4 0  |6 724_700000000000000_GUE_2009  |7 0  |8 A  |9 457880  |a BIBARQ  |b BIBARQ  |d 2019-11-23  |i 5001420  |o 724.7 GUE 2009  |p 5001420  |r 2025-01-20  |w 2019-11-23  |y BK  |z Catalogado en:20130829  |k ARQ